[Event "1st WinTV Open"]
[Site "Chennai IND"]
[Date "2004.01.23"]
[Round "4"]
[White "Vaidya,C"]
[Black "Karthikeyan,T"]
[Result "0-1"]
[WhiteElo "2107"]
[BlackElo "2278"]

1.d4 d5 2.c4 c6 3.Nc3 Nf6 4.Nf3 a6 5.c5 Nbd7 6.Bf4 Nh5 7.e3 g6 8.Bd3 Bg7
9.O-O Nxf4 10.exf4 Nf8 11.Qd2 Qc7 12.Qe3 Ne6 13.Ne2 b6 14.cxb6 Qxb6 15.Rac1 c5
16.dxc5 Qxb2 17.Nc3 d4 18.Qe4 dxc3 19.Qc6+ Kd8 20.Rcd1 Ra7 21.Bb5+ Nd4 22.Nxd4 Rd7
23.Ne6+ fxe6 24.Rxd7+ Ke8 25.Rd2+ Kf7 26.Rxb2 cxb2 27.Rb1 axb5 28.Qxb5 Rd8
29.Qe2 Rd5 30.Qc2 Ba6 31.Rd1 Bd4 32.c6 Rc5 33.Qb3 Rxc6 34.h3 Rc1 35.Kh2 Bc4  0-1

[Event "1st WinTV Open"]
[Site "Chennai IND"]
[Date "2004.01.25"]
[Round "6"]
[White "Swati,M"]
[Black "Karthikeyan,T"]
[Result "1/2-1/2"]
[WhiteElo "2121"]
[BlackElo "2278"]

1.d4 d5 2.c4 c6 3.Nf3 Nf6 4.Nc3 a6 5.e3 b5 6.b3 Bg4 7.Be2 e6 8.Bb2 Nbd7 9.O-O Bd6
10.h3 Bh5 11.Ne5 Bxe2 12.Nxe2 Rc8 13.Rc1 O-O 14.cxd5 cxd5 15.Rxc8 Qxc8 16.Nxd7 Qxd7  1/2-1/2

[Event "ch-Kiev"]
[Site "Kiev UKR"]
[Date "2004.01.25"]
[Round "8"]
[White "Taborov,B"]
[Black "Kernazhitsky,L"]
[Result "1-0"]
[WhiteElo "2425"]
[BlackElo "2371"]

1.d4 d5 2.c4 c6 3.Nc3 Nf6 4.Nf3 a6 5.c5 Nbd7 6.Bf4 Nh5 7.e3 g6 8.Bd3 Bg7
9.O-O O-O 10.h3 Nxf4 11.exf4 b6 12.cxb6 Qxb6 13.Qa4 e6 14.Qc2 Bxd4 15.Na4 Qa7
16.Qxc6 Bg7 17.Rac1 Rd8 18.b4 Bb7 19.Qc7 Rac8 20.Qa5 Qb8 21.g3 e5 22.fxe5 d4
23.e6 fxe6 24.Ng5 Qd6 25.Be4 Bd5 26.Rfe1 Ne5 27.Rxc8 Rxc8 28.Nb6 Rd8 29.Nxd5 exd5
30.Bg2 d3 31.Ne6 Rd7 32.Nf4 d4 33.Rd1 d2 34.Rxd2 g5 35.Qd5+ Qxd5 36.Nxd5 Nc4
37.Rc2 Na3 38.Rc6 d3 39.Kf1 Nc2 40.Rxa6 d2 41.Ke2 Nxb4 42.Ra5 Kf7 43.a3 Na2
44.Rc5 Nc1+ 45.Kd1 Nd3 46.Rb5 Nb2+ 47.Kxd2 Nc4+ 48.Kd3 Nxa3 49.Ra5 Bf8 50.Ke2 Rb7
51.Be4 Kg7 52.Ne3 Rb2+ 53.Kf3 Nb5 54.Bd3 Nd4+ 55.Kg2 h6 56.Rd5 Ne6 57.Rd7+ Kh8
58.Nc4 Ra2 59.Bb1 Ra1 60.Bf5 Ra6 61.Ne5 Kg8 62.Bh7+ Kh8 63.Ng6+  1-0

[Event "TCh-AUT 2003-4"]
[Site "Velden AUT"]
[Date "2004.01.25"]
[Round "7"]
[White "Gyimesi,Z"]
[Black "Rotstein,A"]
[Result "0-1"]
[WhiteElo "2553"]
[BlackElo "2519"]

1.d4 d5 2.c4 c6 3.Nf3 Nf6 4.Nc3 a6 5.c5 Nbd7 6.Bf4 Nh5 7.e3 g6 8.Bd3 Bg7
9.O-O O-O 10.Bg5 h6 11.Bh4 Qe8 12.e4 g5 13.Bg3 dxe4 14.Nxe4 f5 15.Qb3+ Kh8
16.Nc3 f4 17.Qc2 Qd8 18.Bg6 Nhf6 19.Bxf4 gxf4 20.Rfe1 Nd5 21.Nxd5 cxd5 22.Qb3 Nb8
23.Bb1 Nc6 24.Nh4 Nxd4 25.Ng6+ Kg8 26.Qd1 Re8 27.Re5 Nc6 28.Rxd5 Qc7 29.Qe2 e5
30.Nxf4 Qf7 31.Bg6 Qxf4 32.Bxe8 Bg4 33.f3 Nd4 34.Qf2 Be6 35.Rd6 Rxe8 36.Re1 Bf8
37.Re4 Qc1+ 38.Re1 Qxc5  0-1

[Event "1st WinTV Open"]
[Site "Chennai IND"]
[Date "2004.01.27"]
[Round "7"]
[White "Iskusnyh,S"]
[Black "Neelotpal,D"]
[Result "1-0"]
[WhiteElo "2482"]
[BlackElo "2461"]

1.d4 d5 2.c4 c6 3.Nf3 Nf6 4.Nc3 a6 5.e3 Bf5 6.Qb3 Ra7 7.cxd5 cxd5 8.Bd2 e6
9.Ne5 Nfd7 10.Qa4 Ra8 11.g4 Bg6 12.h4 f6 13.Nxg6 hxg6 14.Bd3 Kf7 15.Qc2 g5
16.Bg6+ Kg8 17.Nxd5 exd5 18.Qf5 Rh6 19.Qxd5+ Kh8 20.hxg5 fxg5 21.Qxb7 Qb6
22.Qxa8 Qxg6 23.Rc1 Qe6 24.Rxh6+ gxh6 25.Rc8 Kg7 26.Rxb8 Nxb8 27.Qxb8 Qxg4
28.Qb7+ Kg8 29.e4  1-0

[Event "Open"]
[Site "Marianske Lazne CZE"]
[Date "2004.01.27"]
[Round "5"]
[White "Volodin,V"]
[Black "Karhanek,P"]
[Result "1-0"]
[WhiteElo "2251"]
[BlackElo "2159"]

1.Nf3 d5 2.d4 Nf6 3.c4 c6 4.Nc3 a6 5.a4 e6 6.Bg5 Be7 7.e3 Nbd7 8.Qb3 O-O
9.Bd3 h6 10.Bh4 dxc4 11.Bxc4 c5 12.Rd1 cxd4 13.Nxd4 Nc5 14.Qc2 Qe8 15.Ba2 Nh5
16.Bb1 f5 17.Bxe7 Qxe7 18.b4 e5 19.Nd5 Qg5 20.Qxc5 exd4 21.Nb6 Be6 22.Nxa8 Qxg2
23.Nc7 dxe3 24.Qxe3 Qxh1+ 25.Kd2 Rd8+ 26.Bd3 Qe4 27.Nxe6 Rxd3+ 28.Qxd3 Qxe6
29.Re1 Qa2+ 30.Qc2 Qd5+ 31.Qd3 Qa2+ 32.Qc2 Qf7 33.Qc8+ Kh7 34.Qe6 Qf8 35.Qe7 Qb8
36.Re5 Qg8 37.Qe6 Qd8+ 38.Rd5 Qg5+ 39.Kc2 Qh4 40.Qxf5+ g6 41.Qf7+ Ng7 42.Rd7 Qe4+
43.Kb3 Qb1+ 44.Kc4 Qe4+ 45.Kc5 b6+ 46.Kxb6 Qxb4+ 47.Ka7 Qc5+ 48.Kb7 Qb4+
49.Ka8 Qe4+ 50.Rb7 Qd4 51.Qxg7+  1-0

[Event "OSS January It"]
[Site "Oslo NOR"]
[Date "2004.01.27"]
[Round "3"]
[White "Olsen,H"]
[Black "Kuljasevic,D"]
[Result "1/2-1/2"]
[WhiteElo "2255"]
[BlackElo "2413"]

1.Nf3 d5 2.d4 Nf6 3.c4 c6 4.Nc3 a6 5.c5 Nbd7 6.Bf4 Nh5 7.e3 g6 8.h4 Nxf4
9.exf4 Bg7 10.h5 b6 11.cxb6 Qxb6 12.Qd2 Rb8 13.b3 c5 14.Nxd5 Qe6+ 15.Ne3 cxd4
16.Nxd4 Qe4 17.Rd1 Rb6 18.hxg6 hxg6 19.Rxh8+ Bxh8 20.Be2 Rd6 21.Qc2 Qxc2
22.Nexc2 Nc5 23.Bf3 Bd7 24.g3 a5 25.Ke2 Bf6 26.Ke3  1/2-1/2

[Event "Winter Open"]
[Site "Belgrade SCG"]
[Date "2004.01.28"]
[Round "8"]
[White "Lundin,J"]
[Black "Zmijanac,D"]
[Result "1-0"]
[WhiteElo "2224"]
[BlackElo "2244"]

1.d4 d5 2.c4 c6 3.Nf3 Nf6 4.Nc3 a6 5.Qb3 dxc4 6.Qxc4 Bf5 7.g3 e6 8.Bg2 Be7
9.O-O O-O 10.Qb3 Ra7 11.Rd1 b5 12.Ne5 Qc8 13.Bg5 h6 14.Bxf6 Bxf6 15.Ne4 Bxe4
16.Bxe4 c5 17.Nf3 Nd7 18.d5 c4 19.Qc2 Nc5 20.Nd4 Nxe4 21.Qxe4 exd5 22.Qf3 Qc5
23.e3 Rd8 24.Rac1 Rad7 25.Rc2 b4 26.Nf5 Kh7 27.Qf4 Qb6 28.e4 Bg5 29.Qe5 Bf6
30.Qf4 dxe4 31.Rxd7 Rxd7 32.Rxc4 Bxb2 33.Qxe4 Bc3 34.Nxg7+ Kxg7 35.Qg4+ Qg6
36.Qxd7 h5 37.Qd5 Qb1+ 38.Kg2 Qg6 39.Rc6 Qg4 40.h3 Qe2 41.Qg5+  1-0

[Event "Open"]
[Site "Marianske Lazne CZE"]
[Date "2004.01.29"]
[Round "7"]
[White "Meier,T"]
[Black "Karhanek,P"]
[Result "0-1"]
[WhiteElo "2318"]
[BlackElo "2159"]

1.d4 d5 2.Nf3 Nf6 3.c4 c6 4.Nc3 a6 5.e3 b5 6.b3 Bg4 7.Be2 e6 8.h3 Bh5 9.O-O Bd6
10.Bb2 Nbd7 11.a4 b4 12.Na2 Bxf3 13.gxf3 a5 14.cxd5 cxd5 15.Rc1 O-O 16.Rc6 Qe7
17.Qd3 e5 18.dxe5 Bxe5 19.Bd4 Bxd4 20.Qxd4 Ne5 21.Rc5 Qe6 22.Kg2 Qf5 23.Nc1 Qg5+
24.Kh2 Qh5 25.Qd1 Qh4 26.Nd3 Nxd3 27.Qxd3 Rfe8 28.Qc2 h6 29.Bd3 Qh5 30.Qe2 Nd7
31.Rb5 Ne5 32.f4 Nf3+ 33.Kg2 Nh4+ 34.Kg3 Nf5+ 35.Kg2 Qg6+ 36.Kh2 Nd4 37.Qd1 Nf3+
38.Qxf3 Qxd3 39.Qd1 Qc3 40.Rxd5 Rec8 41.Rg1 Qb2 42.Rg2 Rc2 43.Rd8+ Rxd8 44.Qxd8+ Kh7
45.Qd3+ g6 46.Qd5 Kg7 47.f5 Rxf2 48.f6+ Qxf6 49.Qxa5 Qd6+ 50.Kg1 Rxg2+ 51.Kxg2 Qd2+
52.Kf3 Qd1+ 53.Ke4 Qxb3 54.Qe5+ Kh7 55.a5 Qc4+ 56.Qd4 Qc2+ 57.Qd3 b3 58.a6 Qg2+
59.Kd4 b2 60.Kc3 b1=Q 61.Qxb1 Qc6+ 62.Kd2 Qxa6 63.Qe4 Qd6+ 64.Kc3 Qe6 65.Qf3 Kg7
66.Kd2 h5 67.h4 Qg4 68.Qf2 g5 69.hxg5 Qxg5 70.Ke1 h4 71.Qb2+ Kg6 72.Qc2+ f5
73.Qc6+ Kh5 74.Qe8+ Kg4 75.Kf2 Kh3 76.Qe6 Qg3+ 77.Ke2 Qg2+ 78.Kd1 Qf3+ 79.Ke1 Kh2
80.Qa2+ Kg1 81.Qa7 Qf2+ 82.Kd1 h3 83.Qg7+ Qg2 84.Qa7 h2 85.e4+ Qf2 86.Qg7+ Kf1
87.Qh6 Qf3+ 88.Kd2 Qg2+ 89.Kc3 h1=Q 90.Qc1+ Kf2 91.Qd2+ Kf3 92.Qd3+ Kg4 93.exf5 Qg3  0-1

[Event "9th HIT Open"]
[Site "Nova Gorica SLO"]
[Date "2004.01.30"]
[Round "1"]
[White "Gyimesi,Z"]
[Black "Djingarova,E"]
[Result "1-0"]
[WhiteElo "2553"]
[BlackElo "2344"]

1.d4 d5 2.c4 c6 3.Nf3 Nf6 4.Nc3 a6 5.c5 Nbd7 6.Bf4 Nh5 7.e3 g6 8.h4 Nxf4
9.exf4 Qc7 10.g3 Bg7 11.Bd3 Nf8 12.Qd2 Bg4 13.Ne5 Be6 14.h5 gxh5 15.Qe2 Bg4
16.f3 Be6 17.Rxh5 f6 18.Ng4 Bf7 19.Rh2 O-O-O 20.O-O-O h5 21.Ne3 e5 22.Nf5 exd4
23.Nxd4 h4 24.Rdh1 hxg3 25.Rxh8 Qxf4+ 26.Kc2 Qxd4 27.Bf5+ Kb8 28.Qe7 Qf2+
29.Kb3 d4+ 30.Ka3 Re8 31.Qxf7 dxc3 32.Qxe8+ Ka7 33.Rb1 Bxh8 34.Qxf8 g2 35.bxc3 g1=Q
36.Rxb7+ Kxb7 37.Qc8+ Ka7 38.Qc7+  1-0

[Event "OSS January It"]
[Site "Oslo NOR"]
[Date "2004.01.30"]
[Round "6"]
[White "Hole,O"]
[Black "Bukal,V sr"]
[Result "1-0"]
[WhiteElo "2290"]
[BlackElo "2424"]

1.Nf3 d5 2.d4 Nf6 3.c4 c6 4.Nc3 a6 5.c5 Bg4 6.Ne5 Bh5 7.Qb3 Ra7 8.Bf4 Nbd7
9.e3 Nxe5 10.Bxe5 Nd7 11.Bg3 e5 12.Be2 Bxe2 13.Nxe2 exd4 14.exd4 Be7 15.O-O O-O
16.Rfe1 Re8 17.Nf4 Bf6 18.Qb4 g6 19.Rxe8+ Qxe8 20.Re1 Qd8 21.Nd3 a5 22.Qc3 Nf8
23.Bd6 Ne6 24.Ne5 Ra8 25.Qe3 Qe8 26.Ng4 Bg7 27.Be5 Qd8 28.Bxg7 Nxg7 29.Qe5 f5
30.Nf6+ Kf7 31.Nxh7 Kg8 32.Qf6 Kxh7 33.Re7 Qh8 34.Rxb7 Re8 35.h3 Re4 36.f3 Re1+
37.Kh2 Kh6 38.Qh4+ Nh5 39.f4 Qf6 40.Qxe1 Nxf4 41.Qe3 Qg5 42.g3 Nxh3 43.Qe5  1-0

[Event "TCh-FRA Nat1 GpB"]
[Site "Cannes FRA"]
[Date "2004.01.31"]
[Round "2"]
[White "Fontaine,R"]
[Black "Prie,E"]
[Result "1-0"]
[WhiteElo "2532"]
[BlackElo "2429"]

1.d4 d5 2.c4 c6 3.Nf3 Nf6 4.Nc3 a6 5.c5 Nbd7 6.Bf4 Nh5 7.e3 Nxf4 8.exf4 b6
9.cxb6 Qxb6 10.Bd3 Qxb2 11.Rc1 g6 12.O-O Bh6 13.g3 O-O 14.Na4 Qa3 15.Rxc6 Qxa2
16.Rc3 Nf6 17.Bb1 Qa1 18.Qb3 Bh3 19.Rfc1 Rfc8 20.Rxc8+ Rxc8 21.Re1 Bd7 22.Nc5 Qa5
23.Nxd7 Nxd7 24.Rxe7 Nf6 25.Kg2 Bf8 26.Qb7 Bxe7 27.Qxc8+ Kg7 28.Bd3 Ne4 29.Qxa6 Qxa6
30.Bxa6 Bb4 31.Bb7 Nc3 32.Ne5 Ne2 33.Bxd5 f6 34.Nd3 Ba5 35.h4 Nxd4 36.Nc5 Bb4
37.Nd7 Be7 38.Kf1 Nb5 39.Bc4 Nd6 40.Bd3 h6 41.Ke2 Nb7 42.Bc2 Nc5 43.Nb6 Ne6
44.Nd5 Bc5 45.Ba4 Nd4+ 46.Kd3 Nf5 47.Bd7 Bxf2 48.Bxf5 Bxg3 49.Ne7 Bxf4 50.Nxg6 Bg3
51.h5 Kf7 52.Ke4 Be1 53.Kd5 Bd2 54.Kd6 Bb4+ 55.Kd7 Ba3 56.Nh4 Bb4 57.Bg6+ Kf8
58.Nf5 Bd2 59.Ke6 Bc1 60.Kd7 Bd2 61.Be8 Bc1 62.Kd8 Bd2 63.Bb5 Bc1 64.Bc4 Bd2
65.Kd7 Bc1 66.Ke6 Kg8 67.Ke7+ Kh8 68.Kf7 Bd2 69.Kg6 Bc1 70.Nd6 f5 71.Nf7+ Kg8
72.Nxh6+ Kf8 73.Nxf5 Bb2 74.h6  1-0

[Event "TCh-BEL 2003-4"]
[Site "Belgium BEL"]
[Date "2004.02.01"]
[Round "8"]
[White "Chuchelov,V"]
[Black "Lemmers,O"]
[Result "1-0"]
[WhiteElo "2593"]
[BlackElo "2379"]

1.Nf3 d5 2.d4 Nf6 3.c4 c6 4.Nc3 a6 5.a4 e6 6.Bg5 Nbd7 7.Qc2 Bd6 8.e3 O-O
9.Bd3 h6 10.Bh4 dxc4 11.Bxc4 e5 12.O-O exd4 13.exd4 Be7 14.Rfe1 Nb6 15.Bb3 Nfd5
16.Rxe7 Nxe7 17.Re1 Be6 18.Bxe6 fxe6 19.Rxe6 Nbc8 20.Qe4 Re8 21.Rxh6 gxh6
22.Qe6+ Kg7 23.Bf6+ Kf8 24.Ne5 Nd6 25.Ne4 Qc8 26.Bxe7+ Rxe7 27.Ng6+ Kg7 28.Qf6+ Kh7
29.Qxe7+ Kxg6 30.Qxd6+ Kh7 31.Qe7+ Kh8 32.Qf6+ Kh7 33.Qe7+ Kh8 34.Qe5+ Kh7
35.f4 Qf8 36.f5 Qg7 37.Nf6+ Kh8 38.Nh5 Qxe5 39.dxe5 b5 40.e6 bxa4 41.f6 Kg8
42.Kf2 c5 43.Ke1 Rb8 44.f7+ Kf8 45.Nf6 Ke7 46.Nd7 Rd8 47.Kd2 c4 48.Kc3  1-0

[Event "75th ch-GER"]
[Site "Hoeckendorf GER"]
[Date "2004.02.01"]
[Round "3"]
[White "Meins,G"]
[Black "Dresen,U"]
[Result "1-0"]
[WhiteElo "2460"]
[BlackElo "2312"]

1.d4 d5 2.c4 c6 3.Nf3 Nf6 4.Nc3 a6 5.cxd5 cxd5 6.Bf4 Nc6 7.Rc1 Bf5 8.e3 Rc8
9.Be2 e6 10.O-O Bb4 11.a3 Bd6 12.Bxd6 Qxd6 13.Na4 Nd7 14.Nc5 Nxc5 15.dxc5 Qe7
16.Nd4 Bg6 17.b4 O-O 18.Qb3 Nb8 19.Rfd1 Rfd8 20.Qb2 Rc7 21.a4 f6 22.Nb3 Bf7
23.b5 axb5 24.axb5 Nd7 25.b6 Rcc8 26.Qd4 Ne5 27.Qc3 g6 28.f4 Nc6 29.Nd4 Be8
30.Nb5 Ra8 31.Ra1 Rxa1 32.Rxa1 e5 33.fxe5 Nxe5 34.Nd6 Bc6 35.Ra7 Rd7 36.Ra8+ Rd8
37.Ra7 Rd7 38.Qd4 Nf7 39.Ra8+ Rd8 40.Rxd8+ Qxd8 41.Bb5 Bxb5 42.Nxb5 Qd7 43.Nd6 Nxd6
44.Qxd5+ Kf8 45.cxd6 f5 46.h3 h5 47.h4 Kg7 48.Kf2 Kf6 49.Kf3 Kg7 50.Kf4 Kf6
51.Qe5+ Kf7 52.Kg5  1-0

[Event "9th HIT Open"]
[Site "Nova Gorica SLO"]
[Date "2004.02.01"]
[Round "4"]
[White "Stocek,J"]
[Black "Olarasu,G"]
[Result "1/2-1/2"]
[WhiteElo "2552"]
[BlackElo "2311"]

1.d4 d5 2.c4 c6 3.Nf3 Nf6 4.Nc3 a6 5.h3 dxc4 6.a4 e6 7.e3 c5 8.Bxc4 Nc6 9.O-O cxd4
10.exd4 Be7 11.Bg5 O-O 12.Rc1 Qb6 13.d5 exd5 14.Bxf6 Bxf6 15.Nxd5 Qd8 16.Qd2 Be6
17.Rfd1 Bxd5 18.Bxd5 Qb6 19.b3 Rad8 20.Qf4 Rd7 21.Be4 Rxd1+ 22.Rxd1 Qxb3
23.Rb1 Qc3 24.Rxb7 Nd4 25.Nxd4 Qxd4 26.g3 g6 27.Qf3 Rd8 28.Kg2 Kg7 29.a5 Rd7
30.Bc2 Bd8 31.Bb3 Rxb7 32.Qxb7 Qf6 33.Qd5 Qe7 34.Bc4 Qg5 35.Qxg5 Bxg5 36.Bxa6  1/2-1/2

[Event "9th HIT Open"]
[Site "Nova Gorica SLO"]
[Date "2004.02.02"]
[Round "6"]
[White "Jelen,Ig"]
[Black "Djingarova,E"]
[Result "1/2-1/2"]
[WhiteElo "2369"]
[BlackElo "2344"]

1.d4 d5 2.c4 c6 3.Nf3 Nf6 4.Nc3 a6 5.e3 b5 6.cxd5 cxd5 7.Ne2 e6 8.Nf4 Bd6
9.Nd3 a5 10.Be2 O-O 11.O-O Nbd7 12.b4 axb4 13.Bd2 Ra4 14.Qb3 Qa5 15.Rfb1 Ne4
16.Bxb4 Bxb4 17.Nxb4 Ra3 18.Nc6 Rxb3 19.Nxa5 Rxb1+ 20.Rxb1 Nc3 21.Rb2 Ba6
22.Nc6 Nb6 23.Rc2 Nba4 24.Nfe5 Bb7 25.Na5 Rc8 26.Kf1 Nxa2 27.Rxc8+ Bxc8 28.Bxb5  1/2-1/2

[Event "75th ch-GER"]
[Site "Hoeckendorf GER"]
[Date "2004.02.06"]
[Round "8"]
[White "Gustafsson,J"]
[Black "Braun,A"]
[Result "1-0"]
[WhiteElo "2572"]
[BlackElo "2429"]

1.d4 d5 2.c4 c6 3.Nf3 Nf6 4.Nc3 a6 5.a4 e6 6.Bg5 Be7 7.e3 O-O 8.Bd3 dxc4
9.Bxc4 c5 10.O-O cxd4 11.exd4 Nc6 12.Re1 b6 13.d5 Nxd5 14.Bxd5 exd5 15.Qxd5 Qxd5
16.Nxd5 Bxg5 17.Nxg5 h6 18.Rac1 hxg5 19.Rxc6 Be6 20.Nc7 Rac8 21.Rec1 Rfd8
22.h3 Bd7 23.Rxb6 Bxa4 24.Rxa6 Bb5 25.Ra5 Be2 26.b4 Rd4 27.Ra2 Bb5 28.Rc5 Bd7
29.Rb2 Rb8 30.b5 f6 31.b6 Rd6 32.b7 Bc6 33.Rb6 Rd1+ 34.Kh2 Bxb7 35.Rcb5 Rd2
36.Rxb7 Rxb7 37.Rxb7 Rxf2 38.Ne6  1-0

[Event "AS04 Centenary"]
[Site "Copenhagen DEN"]
[Date "2004.02.08"]
[Round "2"]
[White "Jorgensen,P"]
[Black "Pallesen,J"]
[Result "1-0"]
[WhiteElo "2265"]
[BlackElo "2051"]

1.Nf3 d5 2.d4 Nf6 3.c4 c6 4.Nc3 a6 5.e3 g6 6.Bd3 Bg7 7.Qc2 Nbd7 8.O-O O-O
9.b3 b5 10.Bb2 Bb7 11.c5 Qc7 12.h3 Rae8 13.Ne2 Kh8 14.a4 Ng8 15.Rfc1 e5 16.dxe5 Nxe5
17.Nxe5 Bxe5 18.axb5 axb5 19.Ra7 Qb8 20.Rca1 f6 21.Nd4 Bxd4 22.Bxd4 Re7 23.h4 Qe8
24.Qe2 Bc8 25.Ra8 Qf7 26.Qf3 Rfe8 27.Qf4 Kg7 28.g4 Kf8 29.f3 f5 30.g5 Qe6
31.Kf2 Rf7 32.Rb8 Rfe7 33.Raa8 Bd7 34.Rxe8+ Rxe8 35.Ra7 Kf7 36.h5 Re7 37.hxg6+ hxg6
38.Qh2 Kf8 39.Qb8+ Be8 40.f4 Rxa7 41.Qxa7 Qd7 42.Qb8 Qe6 43.Ke2 Qd7 44.Kd2 Ke7
45.Kc3 Qe6 46.Kb4 Qd7 47.Be5 Bf7 48.Bf6+ Nxf6 49.gxf6+ Kxf6 50.Qe5+  1-0

[Event "TCh-CZE Extraliga 2003-4"]
[Site "Czech Rep CZE"]
[Date "2004.02.08"]
[Round "7"]
[White "Ftacnik,L"]
[Black "Velicka,P"]
[Result "1-0"]
[WhiteElo "2582"]
[BlackElo "2458"]

1.d4 d5 2.c4 c6 3.Nf3 Nf6 4.Nc3 a6 5.e3 b5 6.b3 Bg4 7.Be2 Nbd7 8.O-O e6 9.h3 Bh5
10.Ne5 Bxe2 11.Nxe2 Qc7 12.Bb2 Bd6 13.cxd5 cxd5 14.Rc1 Qb8 15.Nxd7 Nxd7 16.e4 O-O
17.exd5 exd5 18.Rc6 Rc8 19.Qc2 Qb7 20.Rc1 Nb6 21.g3 g6 22.Kg2 Rab8 23.Ng1 Kf8
24.Nf3 Rxc6 25.Qxc6 Qxc6 26.Rxc6 Ke7 27.Bc1 Rb7 28.Bf4 Bxf4 29.gxf4 a5 30.Ne5 Nd7
31.Ra6 Nxe5 32.fxe5 a4 33.bxa4 bxa4 34.Rxa4 Rb2 35.Ra7+ Ke6 36.Ra6+ Ke7 37.a4 Rb4
38.a5 Rxd4 39.Ra8 Kd7 40.a6 Kc6 41.Rh8 Ra4 42.Rxh7 Rxa6 43.Rxf7 Kc5 44.f4 d4
45.Rd7 Ra3 46.Rd6 Re3 47.Rxg6 Kd5 48.Rg3 Re2+ 49.Kf3 d3 50.Rg6 Re1 51.Rd6+ Kc4
52.e6 Kc3 53.f5 d2 54.Kf4 Kc2 55.Kg5 Re3 56.Rxd2+ Kxd2 57.Kf6 Kd3 58.e7 Kd4
59.Kf7 Kd5 60.f6  1-0

[Event "TCh-FIN 2003-4"]
[Site "Finland FIN"]
[Date "2004.02.14"]
[Round "7"]
[White "Lehtinen,A"]
[Black "Koskinen,Hen"]
[Result "1-0"]
[WhiteElo "2156"]
[BlackElo "2271"]

1.d4 d5 2.c4 c6 3.Nf3 Nf6 4.Nc3 a6 5.c5 Nbd7 6.Bg5 Ne4 7.Nxe4 dxe4 8.Nd2 h6
9.Bh4 g5 10.Bg3 Nf6 11.Be5 e3 12.fxe3 Be6 13.e4 Rg8 14.Bxf6 exf6 15.e3 Qd7
16.Bc4 Rd8 17.O-O Rg6 18.Qb3 Bxc4 19.Qxc4 Qe6 20.Rf5 Qxc4 21.Nxc4 Be7 22.Raf1 Kd7
23.e5 Ke6 24.exf6 Bxf6 25.Ne5  1-0

[Event "TCh-FIN 2003-4"]
[Site "Finland FIN"]
[Date "2004.02.14"]
[Round "7"]
[White "Norri,J"]
[Black "Mertanen,J"]
[Result "1-0"]
[WhiteElo "2404"]
[BlackElo "2269"]

1.d4 d5 2.c4 c6 3.Nf3 Nf6 4.Nc3 a6 5.a4 e6 6.e3 c5 7.Bd3 Nc6 8.O-O Be7 9.b3 O-O
10.Bb2 dxc4 11.bxc4 Qc7 12.d5 Nb4 13.e4 e5 14.Ne2 Bd6 15.Ng3 Re8 16.Be2 Bd7
17.Qd2 Qd8 18.Ra3 Qe7 19.h3 g6 20.Rc1 Rad8 21.Qg5 Kh8 22.a5 Rb8 23.Qe3 Ng8
24.Bc3 f6 25.Bd1 Kg7 26.Raa1 Rbc8 27.Ne1 Nh6 28.Nf1 Nf7 29.Nd2 f5 30.exf5 gxf5
31.Bh5 Qh4 32.Bxf7 Kxf7 33.Ndf3 Qe7 34.Qh6 Kg8 35.Ng5 Bc7 36.f4  1-0

[Event "Aeroflot Open"]
[Site "Moscow RUS"]
[Date "2004.02.17"]
[Round "1"]
[White "Annakov,B"]
[Black "Volkov,S1"]
[Result "0-1"]
[WhiteElo "2513"]
[BlackElo "2630"]

1.d4 d5 2.c4 c6 3.Nf3 Nf6 4.Nc3 a6 5.e3 b5 6.b3 Bf5 7.Bd3 e6 8.O-O Bd6 9.Bb2 O-O
10.Ne5 Bxd3 11.Qxd3 dxc4 12.Qe2 b4 13.Na4 c3 14.Bc1 Qc7 15.a3 a5 16.f4 Nbd7
17.e4 c5 18.Nc4 Be7 19.e5 Nd5 20.f5 cxd4 21.f6 N7xf6 22.exf6 Bxf6 23.Qe4 Rad8
24.Rf3 Rfe8 25.Ra2 e5 26.Re2 Re6 27.Qg4 e4 28.Rxe4 h5  0-1

[Event "Tringov mem Open"]
[Site "Plovdiv BUL"]
[Date "2004.02.17"]
[Round "3"]
[White "Genov,Peta"]
[Black "Rusev,K"]
[Result "1/2-1/2"]
[WhiteElo "2499"]
[BlackElo "2412"]

1.d4 d5 2.c4 c6 3.Nf3 Nf6 4.Nc3 a6 5.a4 e6 6.Bg5 Qa5 7.Bxf6 gxf6 8.e3 Qb4
9.Qc2 dxc4 10.a5 Nd7 11.Nd2 b5 12.axb6 Nxb6 13.Be2 c5 14.Bf3 Rb8 15.d5 Bg7
16.O-O O-O 17.e4 Rd8 18.Rfe1 a5 19.Ra3  1/2-1/2

[Event "Aeroflot Open"]
[Site "Moscow RUS"]
[Date "2004.02.18"]
[Round "2"]
[White "Miton,K"]
[Black "Lastin,A"]
[Result "1/2-1/2"]
[WhiteElo "2543"]
[BlackElo "2625"]

1.d4 d5 2.c4 c6 3.Nf3 Nf6 4.Nc3 a6 5.a4 e6 6.Bg5 Nbd7 7.a5 dxc4 8.e3 b5 9.axb6 Qxb6
10.Qc2 Rb8 11.Bxc4 Qxb2 12.Qxb2 Rxb2 13.Na4  1/2-1/2

[Event "Tringov mem Open"]
[Site "Plovdiv BUL"]
[Date "2004.02.19"]
[Round "5"]
[White "Dikov,D"]
[Black "Tadic,B"]
[Result "0-1"]
[WhiteElo "2063"]
[BlackElo "2473"]

1.d4 d5 2.c4 c6 3.Nc3 Nf6 4.Nf3 a6 5.a4 e6 6.a5 c5 7.e3 Nc6 8.Ne5 Qc7 9.Qa4 Rb8
10.Be2 Bd6 11.f4 O-O 12.O-O cxd4 13.Nxc6 bxc6 14.exd4 c5 15.dxc5 Bxc5+ 16.Kh1 d4
17.Nd1 Bb7 18.Qc2 Be4 19.Bd3 Qb7 20.Bxe4 Qxe4 21.Qxe4 Nxe4 22.Nf2 Nxf2+ 23.Rxf2 Rfd8
24.Rd2 Rb4  0-1

[Event "5th Montenegro Open"]
[Site "Sozina SCG"]
[Date "2004.02.19"]
[Round "2"]
[White "Kalinin,Al"]
[Black "Kernazhitsky,L"]
[Result "1/2-1/2"]
[WhiteElo "2466"]
[BlackElo "2371"]

1.d4 d5 2.c4 c6 3.Nf3 Nf6 4.Nc3 a6 5.e3 b5 6.b3 Bg4 7.Be2 e6 8.O-O Nbd7 9.h3 Bh5
10.Bb2 Bd6 11.Ne5 Bxe2 12.Nxe2 Rc8 13.Qd3 O-O 14.Rfc1 Qc7 15.cxb5 axb5 16.Nxc6 Qb6
17.Ne5 b4 18.Rc2 Rc7 19.Rxc7 Bxc7 20.a4 bxa3 21.Rxa3 Rb8 22.Bc3 Qb7 23.Nxd7 Nxd7
24.Nc1 Re8 25.Qa6 Qb8 26.Ne2 Bd6 27.Ra1 Nf6 28.f3 h5 29.b4 Nd7 30.Qa7 Qb5
31.Qa6 Rb8 32.Qxb5 Rxb5 33.Nc1 Bxb4 34.Rb1 Bxc3 35.Rxb5 Bd2 36.Nb3 Bxe3+
37.Kf1 Nf6 38.Ke2 Bg1 39.g4 hxg4 40.hxg4 g5 41.Ra5 Kg7 42.Ra1 Bh2 43.Nc5 Nh7
44.Rh1 Bd6 45.Nd3 Nf8 46.Rh5 Kf6 47.Ke3 Ng6 48.Rh7 Ke7 49.Rh1 Kf6 50.Ra1 Bh2  1/2-1/2

[Event "Tringov mem Open"]
[Site "Plovdiv BUL"]
[Date "2004.02.21"]
[Round "8"]
[White "Petkov,V"]
[Black "Rusev,K"]
[Result "1-0"]
[WhiteElo "2345"]
[BlackElo "2412"]

1.d4 d5 2.c4 c6 3.Nf3 Nf6 4.Nc3 a6 5.c5 Nbd7 6.h3 Qc7 7.Bg5 Nh5 8.e4 h6 9.Be3 dxe4
10.Nxe4 Nhf6 11.Nxf6+ Nxf6 12.Bc4 Bf5 13.O-O e6 14.Rc1 Rd8 15.Qb3 Nd5 16.Ne5 Be7
17.Bxd5 Rxd5 18.Bf4 Rxd4 19.Bg3 Qc8 20.Qe3 Rd5 21.Nc4 O-O 22.Nb6 Rxc5 23.Nxc8 Rxc1
24.Nxe7+  1-0

[Event "53rd ch-BUL w"]
[Site "Sofia BUL"]
[Date "2004.02.21"]
[Round "5"]
[White "Raeva,E"]
[Black "Djingarova,E"]
[Result "1-0"]
[WhiteElo "2141"]
[BlackElo "2344"]

1.d4 d5 2.Nf3 c6 3.c4 Nf6 4.Nc3 a6 5.c5 Nbd7 6.h3 Qc7 7.Bg5 h6 8.Bh4 Ne4
9.Nxe4 dxe4 10.Bg3 Qa5+ 11.Qd2 Qxd2+ 12.Nxd2 Nf6 13.Be5 Bf5 14.g4 Bg6 15.Bg2 Nd7
16.Bxe4 Nxe5 17.dxe5 Bxe4 18.Nxe4 O-O-O 19.Rd1 Rxd1+ 20.Kxd1 g6 21.Kc2 Bg7
22.f4 h5 23.Ng3 h4 24.Ne4 f6 25.exf6 Bxf6 26.Rd1 Rf8 27.e3 Kc7 28.b4 Kc8
29.Nd2 e5 30.Nc4 exf4 31.exf4 Bd8 32.Nd6+ Kc7 33.f5 gxf5 34.Nxf5 Re8 35.Rd3 a5
36.a3 a4 37.Re3 Rf8 38.Re6 Bg5 39.Rg6 Bf6 40.Rh6 Kb8 41.Rh7 Bd8 42.Kd2 Bg5+
43.Kc2 Bd8 44.Kb1 Ka8 45.Nd6 b6 46.cxb6 Bxb6 47.Rxh4 Rf1+ 48.Kc2 Rf2+ 49.Kd1 Bd4
50.Nc4 Rf3 51.Rh7 Rc3 52.Na5 Rxa3 53.Nxc6 Rd3+ 54.Ke2 a3 55.Nxd4 Rxd4 56.Rh5 Rxb4
57.Ra5+ Kb7 58.Rxa3 Kc6 59.Rd3 Rf4 60.Ke3 Rf1 61.Ke4 Rf8 62.Ke5 Re8+ 63.Kf6 Rf8+
64.Kg7 Ra8 65.g5 Kc5 66.g6 Kc4 67.Rf3 Ra7+ 68.Kh8 Ra8+ 69.Kh7  1-0

[Event "ch-CZE"]
[Site "Karlovy Vary CZE"]
[Date "2004.02.23"]
[Round "7"]
[White "Hracek,Z"]
[Black "Polak,T"]
[Result "1/2-1/2"]
[WhiteElo "2599"]
[BlackElo "2490"]

1.d4 d5 2.c4 c6 3.Nc3 Nf6 4.Nf3 a6 5.c5 Nbd7 6.Bf4 Nh5 7.e3 Nxf4 8.exf4 g6
9.Bd3 Bg7 10.O-O O-O 11.Re1 Re8 12.Qe2 Nf8 13.Rac1 Qc7 14.g3 Bg4 15.Ne5 Bh3
16.f5 f6 17.Nf3  1/2-1/2

[Event "Aeroflot Open"]
[Site "Moscow RUS"]
[Date "2004.02.25"]
[Round "9"]
[White "Postny,E"]
[Black "Volkov,S1"]
[Result "0-1"]
[WhiteElo "2537"]
[BlackElo "2630"]

1.Nf3 d5 2.d4 Nf6 3.c4 c6 4.Nc3 a6 5.e3 b5 6.cxd5 cxd5 7.Ne2 e6 8.Nf4 Bd6
9.Nd3 b4 10.Be2 O-O 11.O-O a5 12.a3 bxa3 13.bxa3 Ne4 14.Bd2 Ba6 15.Nde5 Qb6
16.Rb1 Qa7 17.a4 f6 18.Nd3 Nc6 19.Nc1 Nb4 20.Bxa6 Qxa6 21.Qe2 Qc6 22.Ra1 Rfc8
23.Bxb4 axb4 24.a5 Qc4 25.Qb2 Qc3 26.Qa2 Qc4 27.Nb3 Qb5 28.Qa4 Qa6 29.Qa2 Nc3
30.Qb2 Qb5 31.Nfd2 Kf7 32.Rfe1 Bc7 33.e4 Bxa5 34.exd5 exd5 35.Nc5 Bb6 36.Ndb3 Rxa1
37.Qxa1 Ne2+ 38.Kh1 Re8 39.h3 Qc4 40.Nb7 Bc7 41.Qd1 g6 42.N7c5 h5 43.Qa1 h4
44.Rd1 Qc3 45.Qb1 Bb8 46.Na6 Bd6 47.Nac5 Re7 48.Nd3 Nxd4 49.Nxd4 Qxd4 50.Rf1 Re2
51.Ne1 Rb2 52.Qc1 Qc4  0-1

[Event "20th Open"]
[Site "Cappelle la Grande FRA"]
[Date "2004.03.01"]
[Round "3"]
[White "Zilberman,Y"]
[Black "Burmakin,V"]
[Result "1/2-1/2"]
[WhiteElo "2407"]
[BlackElo "2596"]

1.d4 c6 2.c4 d5 3.Nf3 Nf6 4.Nc3 a6 5.a4 e6 6.Bg5 Nbd7 7.cxd5 cxd5 8.e3 a5
9.Bd3 Be7 10.Qc2 h6 11.Bh4 Nh5 12.Bxe7 Qxe7 13.O-O Nhf6 14.Rfe1 O-O 15.h3 Qd6
16.Ne2 Re8 17.Ng3 Qb4 18.Ra3 Rb8 19.Re2 Qd6 20.Rc3 Qf8 21.Nh2 Qd6  1/2-1/2

[Event "ch-PER"]
[Site "Lima PER"]
[Date "2004.03.07"]
[Round "3.1"]
[White "Alarcon,Ru"]
[Black "Pacheco,G"]
[Result "1-0"]
[WhiteElo "2240"]
[BlackElo "2182"]

1.d4 d5 2.c4 c6 3.Nc3 Nf6 4.Nf3 a6 5.a4 e6 6.e3 a5 7.Bd3 Na6 8.O-O Nb4 9.Re1 Nxd3
10.Qxd3 Bb4 11.Bd2 O-O 12.Na2 Be7 13.Rec1 b6 14.Ne5 c5 15.Nc6 Qd7 16.Nxe7+ Qxe7
17.Qb3 cxd4 18.Qxb6 dxe3 19.Qxe3 Bb7 20.cxd5 Nxd5 21.Qg3 e5 22.Nc3 Nb4 23.Nb5 Rfc8
24.Bh6 f6 25.Nd6 Rxc1+ 26.Rxc1 g6 27.Nxb7 Qxb7 28.Qb3+ Qf7 29.Qxf7+ Kxf7
30.Rc7+ Ke6 31.h4 Nd3 32.Rb7 Nc5 33.Rb6+ Kd5 34.b3 f5 35.g3 Nd3 36.Bd2 Ke4
37.Rd6 Nc5 38.Kg2  1-0